000 00460nam a2200181Ia 4500
003 GCL
008 140319s9999 xx 000 0 ara d
040 _aGCL /
_cGCL
082 0 4 _a813.008
_bس ح
245 1 0 _aحكايات مصرية
300 _a99
490 _aكتاب الحياة
_v0
650 0 4 _aالادب العربى
650 0 4 _aالقصص القصيرة
650 0 4 _aالادب
650 0 4 _aالادب - مجموعات
942 _2ddc
_cBK
999 _c43026
_d43026